| 000 | 00514nam a2200193 a 4500 | ||
|---|---|---|---|
| 001 | 7181 | ||
| 003 | CO-ViMGA | ||
| 008 | 141112s2004 ck r 000 u spa d | ||
| 040 |
_aCO-ViMGA _bspa _cCO-ViMGA |
||
| 082 | 0 | 4 | _a641.8654 S133g |
| 100 | 1 |
_aSagel, Daniela _96312 |
|
| 245 | 1 | 0 | _aLos chicos hacemos masitas y galletas para todos |
| 250 | _a4a | ||
| 260 |
_aBuenos Aires : _bAlbatros, _c1993 |
||
| 300 | _a58 p : il | ||
| 490 | _aTus maravillas | ||
| 650 | 1 | 4 |
_aGALLETAS - ELABORACION _96313 |
| 942 |
_2ddc _cBK |
||
| 999 |
_c19146 _d19146 |
||